Statistics for All ARK: Survival Evolved Creatures New To Scorched Earth

Click here to take the quiz!

General Stats

  • This quiz has been taken 29 times
  • The average score is 7 of 11

Answer Stats

DietAnswer% Correct
CarnivoreWyvern
88%
HerbivoreMorellatops
84%
CarnivoreManticore
68%
CarnivoreMantis
68%
HerbivoreJerboa
64%
HerbivoreJug Bug
60%
OtherRock Elemental
56%
CarnivoreThorny Dragon
52%
OtherVulture
52%
HerbivoreLymantria
48%
OtherPheonix
12%

Score Distribution

Percentile by Number Answered

Percent of People with Each Score

Your Score History

You have not taken this quiz